Mulher e política : gênero e feminismo no Partido dos Trabalhadores /

Conjunto de trabajos sobre la reflexión, la discusión y las prácticas políticas de corte feminista y/o referidas al género, desarrolladas al interior del Partido de los Trabajadores (PT) de Brasil desde el final del régimen militar en 1985 hasta el segundo lustro de los años 1990. El período enmarcó...

Whakaahuatanga katoa

I tiakina i:
Ngā taipitopito rārangi puna kōrero
Kaituhi matua: Borba, Angela (coord.)
Ētahi atu kaituhi: Faria, Nalu (coordinación) (coordinación), Godinho, Tatau (coordinación) (coordinación)
Hōputu: Pukapuka
Reo:Pāniora
I whakaputaina: São Paulo, Brasil Fundaçâo Perseu Abramo, 1998, c1998
Ngā marau:
Ngā Tūtohu: Tāpirihia he Tūtohu
Kāore He Tūtohu, Me noho koe te mea tuatahi ki te tūtohu i tēnei pūkete!

MARC

LEADER 00000nam^a2200000^a^4500
001 000175036
005 20250521000000.0
009 20260310101550.711
020 |a 85-86469-07-6 
037 |a Acervo ITESO - Biblioteca 
041 |a ESP 
082 |a 305. 420981064  |b BOR 
100 |a Borba, Angela  |e (coord.) 
245 1 0 |a Mulher e política :  |b gênero e feminismo no Partido dos Trabalhadores /  |c Coord. y presen. de A. Borba, N. Faria, T. Godinho ; pref. de Bila Sorj. 
264 4 |a São Paulo, Brasil  |b Fundaçâo Perseu Abramo,  |c 1998, c1998 
300 |a 239 p. 
336 |a texto  |b txt  |2 rdacontenido 
337 |a sin mediación  |b n  |2 rdamedio 
338 |a volumen  |b nc  |2 rdasoporte 
520 |a Conjunto de trabajos sobre la reflexión, la discusión y las prácticas políticas de corte feminista y/o referidas al género, desarrolladas al interior del Partido de los Trabajadores (PT) de Brasil desde el final del régimen militar en 1985 hasta el segundo lustro de los años 1990. El período enmarcó numerosas transformaciones en la sociedad brasileña y en las condiciones sociales de las mujeres de esta nación sudamericana. La participación de las mujeres integrantes o simpatizantes del PT es vista como una contribución central para el proceso de cambio de los paradigmas relativos a las mujeres que imperaban en la sociedad brasileña y para la discusión pública de una amplia agenda que comprende la salud reproductiva, la sexualidad, las luchas sindicales, el mercado de trabajo y la democratización, entre otros puntos. 
649 |a XX 
650 |a Mujeres Brasileñas -  |x Condiciones Políticas 
650 |a Mujeres Brasileñas -  |x Condiciones Sociales y Culturales 
650 |a Negros en Brasil -  |x Condiciones Sociales y Culturales 
650 |a Feminismo -  |z Brasil 
650 |a Identidad de Género -  |z Brasil 
650 |a Razas -  |z Brasil 
650 |a Violencia Doméstica -  |z Brasil 
650 |a Discriminación de Género -  |z Brasil 
650 |a Igualdad y Desigualdad -  |z Brasil 
650 |a Problemas Sociales -  |z Brasil 
650 |a Aborto -  |z Brasil 
650 |a Salud Reproductiva -  |z Brasil 
650 |a Salud Pública -  |z Brasil 
650 |a Sexualidad -  |z Brasil 
650 |a Neoliberalismo 
650 |a Globalización 
650 |a Sindicalismo -  |z Brasil 
650 |a Participación Política -  |z Brasil 
650 |a Democracia -  |z Brasil 
650 |a Partido de los Trabajadores -  |z Brasil -  |x Historia 
650 |a Partidos de Izquierda -  |z Brasil 
650 |a Partidos Políticos -  |z Brasil 
650 |a Política de Género -  |z Brasil 
650 |a Política Social -  |z Brasil 
650 |a Política Municipal -  |z Brasil 
650 |a Política -  |z Brasil -  |x Historia -  |y Siglo XX 
650 |a Política -  |z Brasil -  |x Historia -  |y Siglo XXI 
650 |a Sociología Política 
650 |a Sociología de la Cultura 
650 |a Antropología Cultural 
700 |a Faria, Nalu  |e (coordinación) 
700 |a Godinho, Tatau  |e (coordinación) 
910 |a Fondo General 
920 |a Impresos - Libros 
930 |a Colección General 
905 |a 101 
901 |a 0500113219  |b IT1  |c ACC  |u 20250521 
902 |a https://opac.biblio.iteso.mx/vufind/Record/000175036